| 000 | 01001nas a2200313 4500 | ||
|---|---|---|---|
| 001 | BR2014005205 | ||
| 003 | BR-BrBNA | ||
| 005 | 20231205124417.0 | ||
| 007 | ta | ||
| 008 | 230509b bl.|||p| |||| 00| 00por d | ||
| 040 |
_aBR-BrBNA _bpor _cBiblioteca Nacional de Agricultura |
||
| 041 | _a(Pt) | ||
| 072 | _aF63 | ||
| 100 | 1 | _aRuas, J.R.M. | |
| 100 | 1 | _aBrandão, F.Z. | |
| 100 | 1 | _aBorges, L.E. | |
| 100 | 1 | _aSilva Filho, J.M. | |
| 100 | 1 | _aAmaral, R. | |
| 100 | 1 | _aBorges, A.M. | |
| 100 | 1 | _aMarcatti Neto, A. | |
| 100 | 1 | _aCarvalho, B.C. | |
| 245 | 1 | _aInfluência da presença do bezerro no momento da ordenha sobre o desempenho reprodutivo de vacas mestiças Holandês-Zebu | |
| 650 | _aGADO LEITEIRO | ||
| 650 | _aORDENHA | ||
| 650 | _aEFICIÊNCIA REPRODUTIVA | ||
| 773 | 0 |
_tArquivo Brasileiro de Medicina Veterinária e Zootecnia (Brazil) _xISSN 0102-0935 _g(Aug 2006), v. 58(4) p. 530-536 _wBR2014005205 |
|
| 909 |
_a202311 _bLúcia _c55 _dLúcia Elande |
||
| 942 |
_2AGRIS _n0 _cANA |
||
| 999 |
_c238934 _d238934 |
||